000 00464nam a2200181Ia 4500
001 4621
005 20260306145809.0
008 260306t2021||||xx |||||||||||||| ||spa||
041 _aESP
082 _a327.85
_bG23
100 _aGarcía Belaunde, José Antonio,
_eAUT
245 0 _aDos siglos de desafíos en la política exterior peruana
260 _c2021
300 _a202 páginas :
_c21 cm.
650 _aGEN
654 _aCHU
942 _cLIB
_dJUS
_fJUS
_2ddc
_n
999 _c4621
_d4621